<?xml version="1.0" encoding="UTF-8"?>
<record
    xmlns:xsi="http://www.w3.org/2001/XMLSchema-instance"
    xsi:schemaLocation="http://www.loc.gov/MARC21/slim http://www.loc.gov/standards/marcxml/schema/MARC21slim.xsd"
    xmlns="http://www.loc.gov/MARC21/slim">

  <leader>01232nam a2200301 a 4500</leader>
  <controlfield tag="001">000021251</controlfield>
  <controlfield tag="005">20200930011255.0</controlfield>
  <controlfield tag="008">100902s2001    ck a    r     000 | spa d</controlfield>
  <datafield tag="020" ind1=" " ind2=" ">
    <subfield code="a">9657082064</subfield>
  </datafield>
  <datafield tag="040" ind1=" " ind2=" ">
    <subfield code="a">DO-SdBNP</subfield>
    <subfield code="b">spa</subfield>
    <subfield code="c">BNPHU</subfield>
  </datafield>
  <datafield tag="082" ind1=" " ind2=" ">
    <subfield code="a">956.94</subfield>
    <subfield code="b">Z17d</subfield>
  </datafield>
  <datafield tag="100" ind1="1" ind2=" ">
    <subfield code="a">Zafrani, Haim</subfield>
    <subfield code="9">44414</subfield>
  </datafield>
  <datafield tag="240" ind1="1" ind2="0">
    <subfield code="a">Deux mille ans de vie juive au Maroc.</subfield>
    <subfield code="l">espa&#xF1;ol</subfield>
  </datafield>
  <datafield tag="245" ind1="1" ind2="3">
    <subfield code="a">Dos mil a&#xF1;os de vida jud&#xED;a en Marruecos /</subfield>
    <subfield code="c">Haim Zafrani; Introducci&#xF3;n de Mois&#xE9;s Garz&#xF3;n Serfaty; traducci&#xF3;n de Marie Gamondies-Tuli&#xE1;n.</subfield>
  </datafield>
  <datafield tag="246" ind1="0" ind2="4">
    <subfield code="a">2000 mil a&#xF1;os de vida jud&#xED;a en Marruecos.</subfield>
  </datafield>
  <datafield tag="260" ind1=" " ind2=" ">
    <subfield code="a">Bogot&#xE1;, (Colombia) :</subfield>
    <subfield code="b">L.B. Publishing :</subfield>
    <subfield code="b">Centro de Estudios Sefard&#xED;es de Caracas,</subfield>
    <subfield code="c">2001.</subfield>
  </datafield>
  <datafield tag="300" ind1=" " ind2=" ">
    <subfield code="a">419 p. :</subfield>
    <subfield code="b">il. ;</subfield>
    <subfield code="c">20 cm.</subfield>
  </datafield>
  <datafield tag="500" ind1=" " ind2=" ">
    <subfield code="a">Incluye citas bibliogr&#xE1;ficas al pie de p&#xE1;gina</subfield>
  </datafield>
  <datafield tag="500" ind1=" " ind2=" ">
    <subfield code="a">Incluye referencias bibliogr&#xE1;ficas</subfield>
  </datafield>
  <datafield tag="534" ind1=" " ind2=" ">
    <subfield code="a">T&#xED;tulo del original :</subfield>
    <subfield code="t">Deux mille ans de vie juive au Maroc.</subfield>
  </datafield>
  <datafield tag="650" ind1=" " ind2="4">
    <subfield code="a">Jud&#xED;os</subfield>
    <subfield code="x">Historia</subfield>
    <subfield code="z">Marruecos</subfield>
    <subfield code="9">44415</subfield>
  </datafield>
  <datafield tag="650" ind1=" " ind2="4">
    <subfield code="a">Juda&#xED;smo</subfield>
    <subfield code="9">24148</subfield>
  </datafield>
  <datafield tag="650" ind1=" " ind2="4">
    <subfield code="a">Civilizaci&#xF3;n jud&#xED;a</subfield>
    <subfield code="9">44416</subfield>
  </datafield>
  <datafield tag="651" ind1=" " ind2="4">
    <subfield code="a">Jud&#xED;os En Marruecos</subfield>
    <subfield code="x">Situaci&#xF3;n Legal</subfield>
    <subfield code="9">44417</subfield>
  </datafield>
  <datafield tag="700" ind1="1" ind2=" ">
    <subfield code="a">Gamondies-Tuli&#xE1;n, Marie</subfield>
    <subfield code="e">tr.</subfield>
    <subfield code="9">44418</subfield>
  </datafield>
  <datafield tag="700" ind1="1" ind2=" ">
    <subfield code="a">Serfaty, Mois&#xE9;s Garz&#xF3;n</subfield>
    <subfield code="e">intr..</subfield>
    <subfield code="9">44419</subfield>
  </datafield>
  <datafield tag="049" ind1=" " ind2=" ">
    <subfield code="a">BNGR</subfield>
  </datafield>
  <datafield tag="952" ind1=" " ind2=" ">
    <subfield code="0">0</subfield>
    <subfield code="1">0</subfield>
    <subfield code="5">4</subfield>
    <subfield code="7">0</subfield>
    <subfield code="8">MO</subfield>
    <subfield code="a">GR</subfield>
    <subfield code="b">GR</subfield>
    <subfield code="c">CT</subfield>
    <subfield code="d">2010-09-02</subfield>
    <subfield code="i">LF1</subfield>
    <subfield code="l">0</subfield>
    <subfield code="o">956.94 Z17d</subfield>
    <subfield code="p">21251-10</subfield>
    <subfield code="r">2020-06-25</subfield>
    <subfield code="w">2020-06-25</subfield>
    <subfield code="y">4</subfield>
    <subfield code="Z">Pr&#xE9;stamo en sala</subfield>
  </datafield>
  <datafield tag="999" ind1=" " ind2=" ">
    <subfield code="c">20751</subfield>
    <subfield code="d">20751</subfield>
  </datafield>
</record>
